[Event "CC Champ Final 2010"]
[Site "Voronezh (Russia)"]
[Date "2010.10.14"]
[Round "3.10"]
[White "Shishkin, Alexander"]
[Black "Aminov, Andrey"]
[Result "1/2-1/2"]
[WhiteElo "2039"]
[BlackElo "1948"]
[Annotator ""]
[Source ""]
[Remark ""]

1.e4 e5 2.Nf3 Nc6 3.Bb5 a6 4.Ba4 d6 5.h3 Bd7 6.c3 g6 7.O-O Bg7
8.d4 Nh6 9.Bxc6 Bxc6 10.dxe5 dxe5 11.Nxe5 Qxd1 12.Rxd1 Bxe4 13.Re1
O-O-O 14.Bxh6 Bxe5 15.Nd2 f5 16.Nxe4 fxe4 17.Rxe4 Bd6 18.Rae1
Kd7 19.g4 Rhg8 20.f4 Kc6 21.Bg5 Bc5+ 22.Kg2 Rd2+ 23.R4e2 Rd3
24.Rf1 a5 25.Bh4 h5 26.Bf2 Bd6 27.Bd4 hxg4 28.hxg4 g5 29.Rf3
Rxf3 30.Kxf3 Bxf4 31.Be5 Rf8 32.Bxf4 Rxf4+ 33.Kg3 Kd6 34.Re8
Rc4 1/2-1/2

[Event "CC Champ Final 2010"]
[Site "Voronezh (Russia)"]
[Date "2010.10.14"]
[Round "3.11"]
[White "Gasparian, Haik"]
[Black "Mokshin, Maksim"]
[Result "1-0"]
[WhiteElo "1809"]
[BlackElo "1968"]
[Annotator ""]
[Source ""]
[Remark ""]

1.d4 Nf6 2.c4 e6 3.Nf3 b6 4.g3 Bb7 5.Bg2 c5 6.O-O cxd4 7.Qxd4
d6 8.Nc3 a6 9.Be3 Nbd7 10.Rfd1 Qc7 11.Rac1 Be7 12.h3 O-O 13.b3
Rac8 14.Ng5 Bxg2 15.Kxg2 Qb7+ 16.Kh2 Rfd8 17.f4 b5 18.cxb5 axb5
19.Qb4 Rb8 20.Nge4 Nxe4 21.Nxe4 Nf8 22.Nxd6 Qa6 23.Bc5 Qxa2 24.Rd2
Qa6 25.e4 Nd7 26.e5 Nxc5 27.Rxc5 Rb6 28.Nc8 Rxc8 29.Rxc8+ Qxc8
30.Qxe7 Rb8 31.g4 h6 32.Qd6 Qf8 33.f5 Qxd6 34.Rxd6 Rc8 35.fxe6
fxe6 36.Rxe6 Rc5 37.Kg3 Kf7 38.Rb6 1-0

[Event "CC Champ Final 2010"]
[Site "Voronezh (Russia)"]
[Date "2010.10.14"]
[Round "3.12"]
[White "Koshelev, Vladimir"]
[Black "Agibalov, Ilya"]
[Result "1-0"]
[WhiteElo "1916"]
[BlackElo "1698"]
[Annotator ""]
[Source ""]
[Remark ""]

1.g3 Nf6 2.d4 g6 3.Bg2 Bg7 4.e4 d6 5.Ne2 Nbd7 6.O-O O-O 7.c3
e5 8.f4 Re8 9.Qc2 Nf8 10.fxe5 dxe5 11.d5 b6 12.c4 N8d7 13.Nbc3
Nc5 14.b4 Nb7 15.Nd1 Qe7 16.Rb1 Bg4 17.Rb3 a5 18.a3 axb4 19.axb4
Ra4 20.Bg5 Rea8 21.h3 Bxe2 22.Qxe2 h6 23.Bxf6 Bxf6 24.Rbf3 Ra2
25.Qe1 Bg7 26.Rxf7 Qxf7 27.Rxf7 Kxf7 28.Qf1+ Kg8 29.Qf3 Rf8 30.Qg4
Kh7 31.Ne3 Raf2 32.Qd7 R2f7 33.Qc6 Nd8 34.Qb5 Rf6 35.c5 bxc5
36.bxc5 h5 37.Nc4 R6f7 38.c6 Re7 39.Qc5 Ref7 40.h4 Re8 41.Bh3
Bf8 42.Qa7 Bd6 43.Be6 Nxe6 44.Nxd6 cxd6 45.Qxf7+ Ng7 46.c7 Kh6
47.Qxe8 Nxe8 48.c8Q 1-0

[Event "CC Champ Final 2010"]
[Site "Voronezh (Russia)"]
[Date "2010.10.14"]
[Round "3.13"]
[White "Testova, Victoria"]
[Black "Popov, Kirill"]
[Result "1-0"]
[WhiteElo "1887"]
[BlackElo "1861"]
[Annotator ""]
[Source ""]
[Remark ""]

1.e4 c6 2.d4 d5 3.e5 c5 4.c4 Nc6 5.Nf3 Bg4 6.cxd5 Qxd5 7.Nc3
Bxf3 8.Nxd5 Bxd1 9.Nc7+ Kd7 10.Nxa8 Bg4 11.d5 Nb4 12.Be3 Nc2+
13.Kd2 Nxe3 14.Kxe3 f6 15.e6+ Kd6 16.h3 Bh5 17.g4 Bg6 18.Bg2
h5 19.Rad1 Nh6 20.Bf3 h4 21.Rc1 f5 22.g5 f4+ 23.Kxf4 Ng8 24.b4
b6 25.bxc5+ bxc5 26.Rc3 Bh5 27.Bg2 Nf6 28.Rhc1 Nxd5+ 29.Bxd5
Kxd5 30.Nc7+ Kd4 31.Rxc5 g6 32.Rd5# 1-0

[Event "CC Champ Final 2010"]
[Site "Voronezh (Russia)"]
[Date "2010.10.15"]
[Round "4.11"]
[White "Avtsynov, Artyom"]
[Black "Korotchenkov, Victor"]
[Result "1-0"]
[WhiteElo "1969"]
[BlackElo "1664"]
[Annotator ""]
[Source ""]
[Remark ""]

1.e4 Nc6 2.Nf3 e5 3.d4 exd4 4.Nxd4 Nf6 5.Nxc6 bxc6 6.e5 Qe7 7.Qe2
Nd5 8.c4 Nb6 9.Nd2 d6 10.b3 Qxe5 11.Ne4 Bf5 12.Ng3 Bc2 13.f4
Qxe2+ 14.Bxe2 d5 15.cxd5 Nxd5 16.Kd2 Nb4 17.a3 Bxb3 18.axb4 Bxb4+
19.Ke3 a5 20.Ba3 c5 21.Ne4 Bxa3 22.Rxa3 c4 23.Nd2 O-O 24.Bxc4
Rfe8+ 25.Kf3 Bc2 26.Rc1 Bf5 27.Bd5 Ra7 28.Rc5 g6 29.Rcxa5 Rxa5
30.Rxa5 Rd8 31.Nc4 h5 32.Ne5 Rf8 33.Rc5 1-0

[Event "CC Champ Final 2010"]
[Site "Voronezh (Russia)"]
[Date "2010.10.15"]
[Round "4.3"]
[White "Terentiev, Vitaly G"]
[Black "Ioffe, Evgeny"]
[Result "1-0"]
[WhiteElo "2282"]
[BlackElo "2055"]
[Annotator ""]
[Source ""]
[Remark ""]

1.d4 d5 2.Bf4 Nf6 3.e3 Bg4 4.f3 Bf5 5.c4 c6 6.Nc3 e6 7.Qb3 Qd7
8.g4 Bg6 9.h4 h6 10.Nh3 Be7 11.Be5 O-O 12.Nf4 Bh7 13.g5 hxg5
14.hxg5 dxc4 15.Qxc4 Nd5 16.Qe2 f6 17.Qh2 Bf5 18.Ncxd5 cxd5 19.g6
Bxg6 20.Nxg6 Nc6 21.Nxf8 Rxf8 22.Bg3 1-0

[Event "CC Champ Final 2010"]
[Site "Voronezh (Russia)"]
[Date "2010.10.15"]
[Round "4.13"]
[White "Mokshin, Maksim"]
[Black "Popov, Kirill"]
[Result "1-0"]
[WhiteElo "1968"]
[BlackElo "1861"]
[Annotator ""]
[Source ""]
[Remark ""]

1.Nf3 Nf6 2.g3 g6 3.c4 Bg7 4.Bg2 d6 5.O-O e5 6.d3 h6 7.Nc3 O-O
8.Rb1 Nc6 9.b4 Nd4 10.Nxd4 exd4 11.Nb5 a5 12.a3 axb4 13.axb4
Re8 14.Nxd4 Ng4 15.Nc2 Ra2 16.h3 Ne5 17.Be3 Bd7 18.b5 g5 19.Nb4
Ra3 20.Qc1 Ra8 21.Nd5 b6 22.f4 gxf4 23.gxf4 Ng6 24.f5 Nh4 25.f6
Nxg2 26.Kxg2 Ra2 27.Rf2 Re5 28.Kh2 Rxd5 29.cxd5 Bxf6 30.d4 Bc8
31.Qg1+ Kh7 32.Qg3 Ra3 33.Rg1 Qh8 34.Rxf6 1-0

[Event "CC Champ Final 2010"]
[Site "Voronezh (Russia)"]
[Date "2010.10.15"]
[Round "4.1"]
[White "Chekhov, Sergei"]
[Black "Chernov, Vladimir"]
[Result "1-0"]
[WhiteElo "2315"]
[BlackElo "1972"]
[Annotator ""]
[Source ""]
[Remark ""]

1.d4 d5 2.Nc3 Nf6 3.Bg5 Nbd7 4.Nf3 e6 5.Qd3 c5 6.e4 cxd4 7.Nxd4
Nc5 8.Qe3 dxe4 9.O-O-O Qb6 10.Bxf6 gxf6 11.Nxe4 Nxe4 12.Bb5+
Bd7 13.Bxd7+ Kxd7 14.Qxe4 Bd6 15.Rd3 a5 16.Rhd1 1-0

[Event "CC Champ Final 2010"]
[Site "Voronezh (Russia)"]
[Date "2010.10.15"]
[Round "4.9"]
[White "Aminov, Andrey"]
[Black "Testova, Victoria"]
[Result "1/2-1/2"]
[WhiteElo "1948"]
[BlackElo "1887"]
[Annotator ""]
[Source ""]
[Remark ""]

1.e4 c5 2.Nf3 d6 3.Bb5+ Nd7 4.O-O Ngf6 5.Re1 a6 6.Bf1 e5 7.c3
Be7 8.d4 O-O 9.Nbd2 b5 10.b4 c4 11.d5 Nb6 12.h3 Ne8 13.a4 g6
14.a5 Nd7 15.g3 f5 16.exf5 gxf5 17.Bg2 Ng7 18.Nf1 Qe8 19.Ra2
Bb7 20.Rae2 Qf7 21.Nd4 Rfe8 22.Nc6 Bf6 23.f4 e4 24.Bb2 Qg6 25.Kh2
Kh8 26.Re3 Nh5 27.Qd2 Rg8 28.Qf2 Raf8 1/2-1/2

[Event "CC Champ Final 2010"]
[Site "Voronezh (Russia)"]
[Date "2010.10.15"]
[Round "4.14"]
[White "Agibalov, Ilya"]
[Black "Shabunin, Danil"]
[Result "0-1"]
[WhiteElo "1698"]
[BlackElo "1730"]
[Annotator ""]
[Source ""]
[Remark ""]

1.e4 e5 2.Nf3 Nc6 3.Bc4 Nf6 4.d3 Be7 5.c3 O-O 6.h3 d6 7.Bb3 b6
8.O-O Bb7 9.Re1 Na5 10.Bc2 c5 11.Nbd2 Qc7 12.Nf1 Rad8 13.Bd2
Bc8 14.c4 Nc6 15.Ba4 Be6 16.Bxc6 Qxc6 17.Bg5 Qd7 18.Bxf6 Bxf6
19.Ne3 Be7 20.g4 h5 21.Nh2 Bg5 22.Ng2 hxg4 23.hxg4 g6 24.Ne3
Kg7 25.f3 Rh8 26.Re2 Rh3 27.Qc2 Rdh8 28.Nef1 Bf4 29.Rg2 Qe7 30.Re1
Qh4 31.Ree2 Kf8 32.a3 f5 33.b4 fxg4 34.fxg4 Bxh2+ 35.Nxh2 Rg3
36.Kf1 Bxg4 37.Ref2+ Ke7 38.Rxg3 Qxg3 39.Nxg4 Qxg4 40.Ke1 Qg1+
41.Rf1 Qe3+ 42.Qe2 Qc1+ 43.Qd1 Qc3+ 44.Qd2 Qa1+ 45.Ke2 Rh2+ 46.Rf2
Qg1 47.Qe3 Rxf2+ 48.Qxf2 Qxf2+ 49.Kxf2 Kf6 50.Kf3 Kg5 51.Kg3
Kh5 52.b5 g5 53.Kh3 g4+ 54.Kg2 Kh4 55.Kh2 g3+ 56.Kg2 Kg4 0-1

[Event "CC Champ Final 2010"]
[Site "Voronezh (Russia)"]
[Date "2010.10.15"]
[Round "4.8"]
[White "Koshelev, Vladimir"]
[Black "Shishkin, Alexander"]
[Result "1/2-1/2"]
[WhiteElo "1916"]
[BlackElo "2039"]
[Annotator ""]
[Source ""]
[Remark ""]

1.e4 c6 2.d4 d5 3.Nc3 dxe4 4.Nxe4 Bf5 5.Ng3 Bg6 6.Bc4 e6 7.N1e2
Bd6 8.O-O Qc7 9.c3 Ne7 10.Re1 O-O 11.h4 h6 12.h5 Bh7 13.Bd3 Nd7
14.Bxh7+ Kxh7 15.Qd3+ Kh8 16.Ne4 Ng8 17.Nxd6 Qxd6 18.Bf4 Qd5
19.Ng3 Rfd8 20.Qc2 c5 21.c4 Qc6 22.Rad1 Ndf6 23.dxc5 Qxc5 24.Rxd8
Rxd8 25.b3 Ng4 26.Be3 Nxe3 27.Rxe3 Qa5 28.a4 Rd2 29.Qe4 Rd1+
30.Kh2 Qb6 31.Qf3 Rd7 32.Ne4 1/2-1/2

[Event "CC Champ Final 2010"]
[Site "Voronezh (Russia)"]
[Date "2010.10.15"]
[Round "4.2"]
[White "Chernyshova, Natalia"]
[Black "Ponomariov, Timur"]
[Result "1/2-1/2"]
[WhiteElo "2045"]
[BlackElo "2257"]
[Annotator ""]
[Source ""]
[Remark ""]

1.e4 e5 2.Nf3 Nf6 3.Nxe5 d6 4.Nf3 Nxe4 5.c4 Be7 6.Nc3 Nxc3 7.dxc3
Nc6 8.h3 Be6 9.Be3 Qd7 10.Be2 Ne5 11.b3 O-O 12.Qd2 a5 13.Rd1
Rad8 14.Nd4 f5 15.Nxe6 Qxe6 16.O-O Kh8 17.Rfe1 Rde8 18.Bd4 Rd8
19.Be3 Bh4 20.Rf1 Ng6 21.Qd5 Qe7 22.Rde1 {+0.00} f4 23.Bc1 Rde8
24.Qd3 f3 25.gxf3 Rf4 26.Qd5 Qd7 27.Bd3 Rf6 28.Rxe8+ Qxe8 29.Qh5
Qe6 30.Kh2 Qe5+ 31.Qxe5 Nxe5 32.Be4 Nxf3+ 33.Kg2 Ne5 34.f4 Nc6
35.f5 Rf8 36.Bf4 Re8 37.Kf3 Ne5+ 38.Bxe5 Rxe5 39.Bxb7 Rxf5+ 40.Ke2
Re5+ 41.Kd3 Bf6 42.Be4 Rg5 43.Rf3 Rg1 44.a4 Rc1 45.Kd2 Bg5+ 46.Kd3
Bf6 47.Kd2 Bg5+ 1/2-1/2

[Event "CC Champ Final 2010"]
[Site "Voronezh (Russia)"]
[Date "2010.10.15"]
[Round "4.5"]
[White "Sokolovsky, Victor"]
[Black "Zhurikhin, Alexander"]
[Result "1-0"]
[WhiteElo "2068"]
[BlackElo "2173"]
[Annotator ""]
[Source ""]
[Remark ""]

1.e4 g6 2.d4 Bg7 3.Nf3 d6 4.Bd3 e6 5.O-O Ne7 6.Bg5 h6 7.Be3 Nd7
8.Nc3 a6 9.Qd2 b5 10.a4 b4 11.Ne2 a5 12.c3 c5 13.Rad1 Qc7 14.dxc5
dxc5 15.Bb5 O-O 16.Bxh6 Nf6 17.Bxg7 Kxg7 18.e5 Nh7 19.Qf4 Nd5
20.Qg3 Bb7 21.Ng5 Nxg5 22.Qxg5 f6 23.exf6+ Rxf6 24.Ng3 Rh8 25.Rd3
Rf7 26.Re3 Rf6 27.Re5 Ne7 28.Rxc5 1-0

[Event "CC Champ Final 2010"]
[Site "Voronezh (Russia)"]
[Date "2010.10.16"]
[Round "5.2"]
[White "Chernov, Vladimir"]
[Black "Terentiev, Vitaly G"]
[Result "1/2-1/2"]
[WhiteElo "1972"]
[BlackElo "2282"]
[Annotator ""]
[Source ""]
[Remark ""]

1.e4 c5 2.Nf3 Nf6 3.Nc3 Nc6 4.d4 d5 5.exd5 Nxd5 6.Nxd5 Qxd5 7.dxc5
Qxd1+ 8.Kxd1 Bg4 9.Be3 O-O-O+ 10.Kc1 e5 11.Bc4 f6 12.a3 Nd4 13.b4
Nxf3 14.gxf3 Bxf3 1/2-1/2

[Event "CC Champ Final 2010"]
[Site "Voronezh (Russia)"]
[Date "2010.10.16"]
[Round "5.4"]
[White "Provkin, Vladimir"]
[Black "Chernyshova, Natalia"]
[Result "1-0"]
[WhiteElo "2203"]
[BlackElo "2045"]
[Annotator ""]
[Source ""]
[Remark ""]

1.d4 d5 2.Bg5 Nf6 3.Bxf6 gxf6 4.c4 c6 5.e3 Bg7 6.Nc3 Qa5 7.cxd5
cxd5 8.Nge2 O-O 9.Nf4 Rd8 10.Bd3 e5 11.Nh5 Bh8 12.O-O Nc6 13.Qf3
e4 14.Qg3+ Kf8 15.Bc2 Nb4 16.Bb3 Be6 17.f3 Ke7 18.fxe4 dxe4 19.Bxe6
fxe6 20.Nf4 e5 21.dxe5 Qxe5 22.Qh4 1-0

[Event "CC Champ Final 2010"]
[Site "Voronezh (Russia)"]
[Date "2010.10.16"]
[Round "5.1"]
[White "Ponomariov, Timur"]
[Black "Chekhov, Sergei"]
[Result "1-0"]
[WhiteElo "2257"]
[BlackElo "2315"]
[Annotator ""]
[Source ""]
[Remark ""]

1.e4 c5 2.Nf3 e6 3.d4 cxd4 4.Nxd4 a6 5.Bd3 Bc5 6.Nb3 Ba7 7.c4
d6 8.Nc3 Nf6 9.O-O O-O 10.Qe2 Qc7 11.Be3 Bxe3 12.Qxe3 Nbd7 13.f4
b6 14.Rae1 g6 15.Kh1 Bb7 16.Qh3 Rad8 17.Qh6 Nc5 18.Nxc5 dxc5
19.Rf3 Ng4 20.Qh4 f5 21.Nd5 exd5 22.exf5 Nf6 23.fxg6 Qg7 24.gxh7+
Kh8 25.Rg3 Qf7 26.Bg6 Qd7 27.Rg5 d4 28.Bf5 Bxg2+ 29.Kg1 Qc6 30.Rg8+
Rxg8 31.hxg8R+ Kxg8 32.Be6+ Kg7 33.Qg5+ Kh7 34.Bf5+ Kh8 35.Qh6+
Kg8 36.Be6+ 1-0

[Event "CC Champ Final 2010"]
[Site "Voronezh (Russia)"]
[Date "2010.10.16"]
[Round "5.11"]
[White "Testova, Victoria"]
[Black "Mokshin, Maksim"]
[Result "1/2-1/2"]
[WhiteElo "1887"]
[BlackElo "1968"]
[Annotator ""]
[Source ""]
[Remark ""]

1.e4 c5 2.d4 cxd4 3.c3 Nf6 4.e5 Nd5 5.Qxd4 e6 6.Bc4 Nc6 7.Qe4
Nb6 8.Bd3 d6 9.exd6 Bxd6 10.Nf3 f5 11.Qe2 O-O 12.O-O h6 13.Rd1
Qc7 14.Bc2 e5 15.Bb3+ Kh7 16.h3 Bd7 17.Na3 Na5 18.Nb5 Bxb5 19.Qxb5
Nxb3 20.axb3 a6 21.Qe2 Rae8 22.Qc2 g6 23.Bxh6 Kxh6 24.Qd2+ Kg7
25.Qxd6 Qxd6 26.Rxd6 Rf6 27.Rad1 Kf7 28.Kf1 Ke7 29.Rxf6 Kxf6
30.Rd6+ Re6 31.Rxe6+ Kxe6 32.c4 a5 33.Nd2 Kd6 34.Ke2 Kc5 35.Kd3
Kb4 36.g4 fxg4 37.hxg4 Nd7 38.Ke4 Nf6+ 39.Kf3 g5 40.Kg3 Nd7 41.Kf3
Nc5 42.Ke3 Nxb3 43.Ne4 Kxc4 44.Nxg5 Nc5 45.Nf7 e4 46.g5 Kb3 47.Nd6
a4 48.g6 Ne6 49.Kxe4 Kxb2 50.Ke5 Ng7 51.Kf6 Nh5+ 52.Kg5 Ng7 1/2-1/2

[Event "CC Champ Final 2010"]
[Site "Voronezh (Russia)"]
[Date "2010.10.16"]
[Round "5.3"]
[White "Golovchanov, Artiom"]
[Black "Sokolovsky, Victor"]
[Result "1/2-1/2"]
[WhiteElo "2082"]
[BlackElo "2068"]
[Annotator ""]
[Source ""]
[Remark ""]

1.e4 e5 2.Nc3 Nf6 3.Bc4 Bc5 4.f4 d6 5.Nf3 O-O 6.d3 Nc6 7.Rf1
Be6 8.f5 Bxc4 9.dxc4 Nd4 10.Bg5 c6 11.Qd3 b5 12.cxb5 Nxb5 13.Nxb5
cxb5 14.O-O-O b4 15.Kb1 a5 16.g4 a4 17.Bxf6 Qxf6 18.g5 Qd8 19.f6
b3 20.fxg7 Kxg7 21.Qd5 bxc2+ 22.Kxc2 Qb6 23.Kb1 Rab8 24.Rd2 Rb7
25.Rc2 Rfb8 26.Nxe5 dxe5 27.Qxe5+ Kg8 28.Qxc5 Qxc5 29.Rxc5 Rxb2+
30.Ka1 Rxh2 31.Ra5 Rb4 32.Ra8+ Kg7 33.Ra7 Rxe4 34.Raxf7+ 1/2-1/2

[Event "CC Champ Final 2010"]
[Site "Voronezh (Russia)"]
[Date "2010.10.16"]
[Round "5.7"]
[White "Ioffe, Evgeny"]
[Black "Aminov, Andrey"]
[Result "0-1"]
[WhiteElo "2055"]
[BlackElo "1948"]
[Annotator ""]
[Source ""]
[Remark ""]

1.e4 e5 2.Nf3 Nc6 3.Bc4 Nf6 4.d3 h6 5.Bb3 d6 6.c3 Na5 7.Ba4+
Bd7 8.Nbd2 b5 9.Bc2 c5 10.O-O Nc6 11.Re1 g6 12.Nf1 Bg7 13.h3
O-O 14.Ne3 Qb6 15.Nh2 Be6 16.Nhg4 Nxg4 17.hxg4 Ne7 18.Bb3 Rad8
19.Qf3 Qc7 20.Bxe6 fxe6 21.Qh3 g5 22.Nf1 Rf7 23.Qe3 Rdf8 24.f3
d5 25.Qe2 d4 26.Bd2 Ng6 27.Rac1 Qd6 28.c4 b4 29.b3 Bh8 30.Ra1
Rb8 31.a3 bxa3 32.Rxa3 Rfb7 33.Rb1 Qf8 34.Qd1 Qf7 35.Ng3 Bg7
36.Ne2 Bf8 37.Rba1 Bg7 38.Nc1 Rf8 39.Ra6 h5 40.gxh5 Nh4 41.Bxg5
Qxh5 42.Bxh4 Qxh4 43.Rxe6 Bh6 44.Rg6+ Kh7 45.Rxh6+ Qxh6 46.Ra2
Kh8 47.Qd2 Qg6 48.Qf2 Rh7 49.Ne2 Rb8 50.Rb2 a5 51.Ng3 Qh6 52.Qd2
Qh2+ 53.Kf2 Rg7 54.Qxa5 Rxg3 0-1

[Event "CC Champ Final 2010"]
[Site "Voronezh (Russia)"]
[Date "2010.10.16"]
[Round "5.5"]
[White "Gasparian, Haik"]
[Black "Gritsenko, Vladimir"]
[Result "0-1"]
[WhiteElo "1809"]
[BlackElo "2217"]
[Annotator ""]
[Source ""]
[Remark ""]

1.d4 g6 2.Nf3 Bg7 3.c3 d6 4.e4 Nf6 5.Nbd2 O-O 6.Bc4 Nc6 7.O-O
Nd7 8.Nb3 e5 9.Be3 Kh8 10.Qc1 a6 11.Bh6 Nb6 12.Bxg7+ Kxg7 13.Bd5
f6 14.Bxc6 bxc6 15.Na5 Qe8 16.Re1 h6 17.c4 c5 18.dxc5 dxc5 19.Qe3
Qe7 20.a3 Be6 21.Rac1 Nd7 22.Red1 Qf7 23.Nc6 a5 24.b4 axb4 25.axb4
cxb4 26.Nxb4 Ra5 27.c5 Nb8 28.c6 Rb5 29.Qc3 Re8 30.Ne1 g5 31.Ned3
Rb6 32.h3 h5 33.Qd2 Rd8 34.Rc3 Rxb4 35.Nxb4 Rxd2 36.Rxd2 Qf8
37.Nc2 Na6 38.Rcd3 Qc5 39.Ne3 Qxc6 40.Nd5 Bxd5 41.exd5 Qd6 42.Rd1
Nb4 43.R3d2 e4 44.Rd4 f5 45.g4 hxg4 46.hxg4 Kf6 47.Kg2 Nd3 48.gxf5
Nf4+ 49.Kh1 Ke5 0-1

[Event "CC Champ Final 2010"]
[Site "Voronezh (Russia)"]
[Date "2010.10.16"]
[Round "5.14"]
[White "Popov, Kirill"]
[Black "Agibalov, Ilya"]
[Result "1-0"]
[WhiteElo "1861"]
[BlackElo "1698"]
[Annotator ""]
[Source ""]
[Remark ""]

1.e4 e5 2.Nf3 Nc6 3.Bb5 a6 4.Ba4 Nf6 5.d3 b5 6.Bb3 Be7 7.O-O
O-O 8.Re1 d5 9.exd5 Nxd5 10.Nxe5 Nxe5 11.Rxe5 c6 12.Nc3 Bf6 13.Bxd5
Bxe5 14.Bxc6 Rb8 15.Be4 Qd6 16.h3 Bxc3 17.bxc3 Bb7 18.Bxb7 Rxb7
19.Qf3 Re7 20.Bg5 Re6 21.a4 b4 22.Bf4 Qc5 23.c4 Qd4 24.Rb1 Qc3
25.Qd1 a5 26.Bd2 Qd4 27.Be3 Qd7 28.d4 Rc6 29.Qd3 Rfc8 30.c5 Re6
31.d5 Re5 32.Rd1 Qxa4 33.c6 Rd8 34.Qc4 Rc8 35.Bd4 Re4 36.f3 Ree8
37.Ra1 Qxa1+ 38.Bxa1 Re1+ 39.Kh2 Rxa1 40.Qa6 Rf8 41.c7 b3 42.cxb3
Rc1 43.d6 a4 44.bxa4 h6 45.Qb6 1-0